00359pab a2200133 454500008004000000100001700040245005800057260000900115300001300124362001200137650003600149650002100185773001900206180718b1997 xxu||||| |||| 00| 0 eng d aSonn, Hochul aThe late blooming of the South Korean labour movement c1997 ap.117-29 aJul-Aug aLabour movements - Korea, South aLabour movements aMonthly Review